ბათუმის შოთა რუსთაველის სახელმწიფო უნივერსიტეტის ბიბლიოთეკა

საერთაშორისო პოლიტიკა : (ბიბ.ჩანაწერი № 44974)

000 -ლიდერი
ფიქსირებული სიგრძის საკონტროლო ველი 01509nam a2200277Ia 4500
001 - საკონტროლო ნომერი
საკონტროლო ველი 11795
003 - საკონტროლო ნომრის იდენტიფიკატორი
საკონტროლო ველი GE_BSU
005 - ბოლო ოპერაციის თარიღი და დრო
საკონტროლო ველი 20240626115327.0
008 - ფიქსირებული სიგრძის მონაცემთა ელემენტები - ზოგადი ინფორმაცია
ფიქსირებული სიგრძის საკონტროლო ველი 181216s2014||||ge |||||||||||||| ||geo||
020 ## - წიგნის საერთაშორისო სტანდარტული ნომერი
International Standard Book Number 9789941181801
040 ## - კატალოგიზაციის წყარო
Transcribing agency GE_BSU
041 ## - ენის კოდი
Language code of text/sound track or separate title geo
080 ## - უნივერსალური ათობითი კლასიფიკაციის ინდექსი
Universal Decimal Classification number 327 ს–41
100 ## - მთავარი ჩანაწერი - პიროვნების სახელი
Personal name სენარკლენი, დე პიერ
9 (RLIN) 22590
245 ## - ცნობა სათაურის შესახებ
Title საერთაშორისო პოლიტიკა :
Remainder of title თანამედროვე თეორიები და ამოცანები /
Statement of responsibility, etc პიერ დე სენარკლენი, იოან არიფენი ; ფრანგ. თარგმანი ნანა ცქიტიშვილი ; სამეცნ. რედ. მალხაზ მაცაბერიძე.
250 ## - გამოცემის ცნობა
Edition statement მე–5 გამოცემა
264 ## - წარმოების, გამოცემის, დისტრიბუციის და სხვა ცნობები
გამოცემის, წარმოების, დისტრიბუციის... ადგილი თბილისი :
გამოცემის, წარმოების, დისტრიბუციის... სახელწოდება ილიას სახ.უნ–ტი,
გამოცემის, წარმოების, დისტრიბუციის... თარიღი 2014.
300 ## - ფიზიკური აღწერა
Extent 194 გვ. ;
Dimensions 28 სმ.
500 ## - ზოგადი შენიშვნა
General note თავფურ. მე-3 გვ. ფრანგ. ენაზე
504 ## - BIBLIOGRAPHY, ETC. NOTE
Bibliography, etc ბიბლიოგრ. : გვ. 191-194
653 ## - INDEX TERM--UNCONTROLLED
Uncontrolled term საერთაშორისო პოლიტიკა
700 ## - ADDED ENTRY--PERSONAL NAME
Personal name არიფენი, იოან
Relator term ავტორი
9 (RLIN) 22591
700 ## - ADDED ENTRY--PERSONAL NAME
Personal name ცქიტიშვილი, ნანა
Relator term მთარგმნელი
9 (RLIN) 22592
700 ## - ADDED ENTRY--PERSONAL NAME
Personal name მაცაბერიძე, მალხაზ
Relator term რედაქტორი
9 (RLIN) 22593
942 ## - ADDED ENTRY ELEMENTS (KOHA)
Koha item type წიგნი
Source of classification or shelving scheme
ეგზემპლარები
ჩამოწერის სტატუსი დაკარგული ეგზემპლარის სტატუსი კლასიფიკაციის წყარო ან თაროზე გაწყობის სქემა დაზიანების სტატუსი არ გაიცემა მუდმივი მდებარეობა (დაცვის ადგილი) ამჟამინდელი ადგილსამყოფელი თაროზე განთავსების ადგილი შეძენის თარიღი სრული შენახვის შიფრი შტრიხკოდი ბოლო ოპერაციის თარიღი ეგზემპლარის მიმდევრობითი ნომერი (კეტერი?) ფასის ძალაში შესვლის თარიღი ეგზემპლარის სახეობა
          ბათუმის შოთა რუსთაველის სახელმწიფო უნივერსიტეტის მთავარი ბიბლიოთეკა ბათუმის შოთა რუსთაველის სახელმწიფო უნივერსიტეტის მთავარი ბიბლიოთეკა წიგნსაცავი 2018-12-17 327 ს–41 26912 2018-12-17 26912 2018-12-17 წიგნი